Studies in Law, Politics and Society vol. 40

Detalles Bibliográficos
Formato: eBook
Lenguaje:inglés
Publicado: Bingley: Emerald Group Publishing Limited, 2007
Materias:
Acceso en línea:Acceso restringido

MARC

LEADER 00000nam a22000007a 4500
005 20210223230329.0
007 cr|||| ||||
008 210223s2007 us |||||s|||| 00||0 eng d
020 |a 978-0-7623-1324-2 
035 |a 32183 
040 |a vLex 
090 |c 11236  |d 11236 
245 0 0 |a Studies in Law, Politics and Society  |h [Recurso electrn̤ico] /  |n vol. 40 
256 |a Servicio en ln̕ea 
260 |a Bingley:  |b Emerald Group Publishing Limited,  |c 2007 
300 |a 1 recurso electrn̤ico 
506 1 |a Disponible solo en los productos indicados  |d vLex Global  |d vLex Global (Academic Edition, excluding Law Schools)  |d vLex Global (Academic Edition, Law Schools) 
650 0 4 |a Ciencias sociales  |z Estados Unidos 
740 0 |a vLex Libros (Servicio en ln̕ea) 
856 4 0 |u http://vlex.com/source/32183  |z Acceso restringido 
942 |c BOOK 
999 0 |a Social Sciences